[Event "Meran-GoldCup 2009 37th"]
[Site "Meran (17.4.-25.4)"]
[Date "2009.04.17"]
[Round "1.8"]
[White "Helbig, Dieter(51)"]
[Black "Lutz, Albert(45)"]
[Result "1/2-1/2"]
[WhiteElo "1718"]
[BlackElo "2045"]
[PlyCount "131"]
[EventDate "2009.04.??"]
[EventType "swiss"]
[EventRounds "9"]
[WhiteTeam "Weilheim SK"]
[BlackTeam "Krumbach SK"]

1. c4 c5 2. Nc3 Nc6 3. g3 g6 4. Bg2 Bg7 5. e3 d6 6. Nge2 Nh6 7. O-O Nf5 8. a3
O-O 9. Rb1 a5 10. b3 Bd7 11. Bb2 Rb8 12. h3 e6 13. Nb5 Bxb2 14. Rxb2 Qe7 15. d4
Rfd8 16. Rd2 cxd4 17. exd4 d5 18. cxd5 exd5 19. Nf4 Be6 20. Re1 Qd7 21. g4 Ng7
22. Nc3 Ne7 23. b4 Rdc8 24. Na4 Qc7 25. Nd3 axb4 26. Nxb4 b6 27. Rc2 Qd6 28.
Nc3 h5 29. Qe2 hxg4 30. hxg4 Qf4 31. Ncxd5 Nxd5 32. Rxc8+ Rxc8 33. Bxd5 Bxg4
34. Qe4 Qg5 35. Qg2 Rc1 36. Nd3 Rxe1+ 37. Nxe1 Qf5 38. Qe4 Qd7 39. Bc6 Qc8 40.
d5 Bf5 41. Qe7 Bh3 42. Qe3 Qg4+ 43. Qg3 Qxg3+ 44. fxg3 Kf8 45. Nd3 Nf5 46. Kf2
Nd6 47. Kf3 g5 48. a4 Ke7 49. g4 f5 50. gxf5 Bxf5 51. Nf2 Nc4 52. Bb5 Ne5+ 53.
Ke3 Kd6 54. Ne4+ Bxe4 55. Kxe4 g4 56. Bf1 Nd7 57. Kf4 Nc5 58. Kxg4 Nxa4 59. Kf4
Nc3 60. Ke3 Kxd5 61. Kd3 Nb5 62. Kd2 Kc5 63. Kc2 Kb4 64. Kb2 Na3 65. Be2 Nc4+
66. Kc2 1/2-1/2

[Event "Meran-GoldCup 2009 37th"]
[Site "Meran (17.4.-25.4)"]
[Date "2009.04.17"]
[Round "1.16"]
[White "Sieghardt, Walter"]
[Black "Vonach, Bernhard Dr"]
[Result "0-1"]
[WhiteElo "1486"]
[BlackElo "1802"]
[PlyCount "126"]
[EventDate "2009.04.??"]
[EventType "swiss"]
[EventRounds "9"]
[WhiteTeam "Friedberg SC"]
[BlackTeam "Windach Spfr."]

1. d4 d5 2. e3 Nf6 3. c4 e6 4. Nc3 Be7 5. cxd5 exd5 6. Nf3 O-O 7. Be2 Bf5 8.
O-O c6 9. Re1 Nbd7 10. a3 Qc7 11. h3 h6 12. Nd2 Rad8 13. b4 Rfe8 14. Bb2 Qb8
15. Rc1 Bd6 16. Nf1 b6 17. Bf3 Ne4 18. Nxe4 dxe4 19. Bg4 Bxg4 20. Qxg4 Nf6 21.
Qe2 Qb7 22. Rc2 Re6 23. Rec1 Nd5 24. g3 Bb8 25. Qg4 Rf8 26. h4 f5 27. Qh3 Kh7
28. h5 g6 29. Nh2 g5 30. Kh1 Ref6 31. Rf1 g4 32. Qg2 Qd7 33. Rfc1 Re6 34. Nf1
Rff6 35. Nd2 Qe8 36. Qh2 Rf8 37. Nc4 Nf6 38. Ne5 Bxe5 39. dxe5 Nxh5 40. Kg2 Ng7
41. Rd2 Re7 42. Rcd1 Ne6 43. Rd6 Rg8 44. Qh4 Rg6 45. Rxc6 Nf4+ 46. exf4 Rxc6
47. Rd6 Rxd6 48. exd6 Re6 49. Be5 Kg6 50. Qh1 e3 51. Qd1 e2 52. Qe1 Rxe5 53.
fxe5 Qxe5 54. d7 Qd5+ 55. Kg1 Qxd7 56. Qxe2 Qd5 57. Qe3 Qf7 58. Qd3 Kg7 59. Kg2
h5 60. a4 h4 61. Qd6 Qf6 62. Qxf6+ Kxf6 63. gxh4 f4 0-1

[Event "Meran-GoldCup 2009 37th"]
[Site "Meran (17.4.-25.4)"]
[Date "2009.04.20"]
[Round "4.2"]
[White "Klages, Hans Juergen"]
[Black "Pohle, Dirk"]
[Result "1/2-1/2"]
[WhiteElo "2029"]
[BlackElo "2130"]
[PlyCount "92"]
[EventDate "2009.04.??"]
[EventType "swiss"]
[EventRounds "9"]
[WhiteTeam "Böhmetal SVg"]
[BlackTeam "Solingen-1928 SC"]

1. d3 d5 2. Nd2 e5 3. e4 Nf6 4. Ngf3 Nc6 5. Be2 Be7 6. O-O Be6 7. a3 a5 8. b3
O-O 9. Bb2 Nd7 10. exd5 Bxd5 11. c4 Be6 12. d4 exd4 13. Nxd4 Nxd4 14. Bxd4 Bd6
15. f4 f5 16. g3 Qe7 17. Bf3 c6 18. Re1 Nf6 19. Kh1 Rfe8 20. c5 Bc7 21. Qc2 Qf7
22. Bxf6 Qxf6 23. Nc4 Qd4 24. Ne3 Qf6 25. Rad1 Rad8 26. Nc4 Rxd1 27. Rxd1 Rd8
28. Nd6 Bxd6 29. cxd6 g6 30. b4 axb4 31. axb4 Bf7 32. Qc5 Rd7 33. b5 cxb5 34.
Bxb7 Kg7 35. Bc6 Rd8 36. Bxb5 Bb3 37. Rd3 Qa1+ 38. Kg2 Qb2+ 39. Kh3 Bf7 40. Bc4
Bxc4 41. Qxc4 Qf6 42. Qc7+ Kh6 43. d7 Qe7 44. Qc6 Qe2 45. Qd5 Qf1+ 46. Kh4 Qe2
1/2-1/2

[Event "Meran-GoldCup 2009 37th"]
[Site "Meran (17.4.-25.4)"]
[Date "2009.04.20"]
[Round "4.9"]
[White "Hoffmann, Hans(29)"]
[Black "Segelken, Peter"]
[Result "1/2-1/2"]
[WhiteElo "1959"]
[BlackElo "1870"]
[PlyCount "128"]
[EventDate "2009.04.??"]
[EventType "swiss"]
[EventRounds "9"]
[WhiteTeam "Böblingen-HP SC"]
[BlackTeam "Delmenhorst-1931 SK"]

1. e4 e5 2. Nf3 Nc6 3. Bb5 a6 4. Ba4 Nf6 5. O-O d6 6. Re1 Be7 7. h3 O-O 8. c3
b5 9. Bc2 h6 10. d4 exd4 11. cxd4 Nb4 12. Bb3 d5 13. e5 Ne4 14. a3 Nc6 15. Nc3
Nxc3 16. bxc3 Bf5 17. Bc2 Qd7 18. Nh2 Rae8 19. Bxf5 Qxf5 20. Ng4 Bg5 21. f4 Bd8
22. Ra2 Na5 23. a4 Nc4 24. axb5 axb5 25. Qf3 c6 26. Ne3 Nxe3 27. Qxe3 Qd7 28.
g4 Bb6 29. f5 Ra8 30. Rf2 f6 31. e6 Qe7 32. Bb2 c5 33. Ra1 b4 34. Rxa8 Rxa8 35.
cxb4 c4 36. Bc3 Ra3 37. Re2 Bc7 38. Kf1 Bd6 39. Qc1 Ra8 40. Qb1 Bc7 41. Ra2
Rxa2 42. Qxa2 Qd6 43. Qf2 Kf8 44. Ke1 Bd8 45. Kd1 Qa6 46. Kc1 Qd6 47. Kb1 Kg8
48. Qe1 Be7 49. Qe3 Qb6 50. Qd2 Qd6 51. b5 Qb8 52. Qb2 Qb6 53. Kc2 Kh7 54. Kd2
Bd6 55. Kc1 Be7 56. Bb4 Bxb4 57. Qxb4 Qxd4 58. e7 Qe3+ 59. Qd2 Qxe7 60. Qxd5
Qa3+ 61. Kd1 c3 62. Qd3 Qb2 63. Qc2 Qxb5 64. Qxc3 Qf1+ 1/2-1/2

[Event "Meran-GoldCup 2009 37th"]
[Site "Meran (17.4.-25.4)"]
[Date "2009.04.20"]
[Round "4.11"]
[White "Gerhards, Walter"]
[Black "Kumeth, Hartmut"]
[Result "1/2-1/2"]
[WhiteElo "1974"]
[BlackElo "1864"]
[PlyCount "131"]
[EventDate "2009.04.??"]
[EventType "swiss"]
[EventRounds "9"]
[WhiteTeam "Ratingen SK"]
[BlackTeam "Oldenburg-Union SK"]

1. e4 c5 2. Nf3 Nc6 3. d4 cxd4 4. Nxd4 e6 5. Nc3 Bc5 6. Nb3 Qe7 7. Nxc5 Qxc5 8.
Be2 a6 9. O-O Nf6 10. a3 O-O 11. Be3 Qe7 12. Na4 d6 13. Nb6 Rb8 14. f3 Rd8 15.
Bg5 h6 16. Bh4 g5 17. Bg3 e5 18. h4 Nh5 19. Nd5 Qe6 20. Bf2 Kg7 21. Qd2 Nf4 22.
Bc4 Qg6 23. hxg5 Qxg5 24. Be3 Be6 25. Nxf4 exf4 26. Bxf4 Qc5+ 27. Be3 Qxc4 28.
Bxh6+ Kh7 29. Be3 Qb5 30. Kf2 Rh8 31. Rh1+ Kg6 32. Qxd6 Qe5 33. Qd2 Rbd8 34.
Qc1 Rh5 35. f4 Rxh1 36. f5+ Bxf5 37. Qxh1 Rh8 38. Qd1 Be6 39. Qf3 Qh5 40. Qg3+
Qg4 41. Qc7 Qh4+ 42. Qg3+ Qg4 43. Rd1 Rh4 44. Qd6 Qxe4 45. Qf8 Qf5+ 46. Kg1 Kh7
47. Rd2 Qh5 48. Qd6 Rh1+ 49. Kf2 Qh4+ 50. Ke2 Bc4+ 51. Kf3 Rf1+ 52. Bf2 Qh5+
53. Ke4 Qg4+ 54. Ke3 Qg5+ 55. Qf4 Qe5+ 56. Qxe5 Nxe5 57. Kd4 Ng4 58. Kxc4 Rxf2
59. Rd7 Ne3+ 60. Kd3 Nxg2 61. Rxb7 Ne1+ 62. Ke3 Rxc2 63. Rxf7+ Kg6 64. Rb7 a5
65. Rb5 Kf6 66. Rxa5 1/2-1/2

[Event "Meran-GoldCup 2009 37th"]
[Site "Meran (17.4.-25.4)"]
[Date "2009.04.22"]
[Round "6.13"]
[White "Klein, Reinhard(53)"]
[Black "Bauer, Dieter(01.58)"]
[Result "1/2-1/2"]
[WhiteElo "1707"]
[BlackElo "1750"]
[PlyCount "106"]
[EventDate "2009.04.??"]
[EventType "swiss"]
[EventRounds "9"]
[WhiteTeam "München-RTA SC"]
[BlackTeam "Bebenhausen SK"]

1. d4 c5 2. c3 b6 3. Bf4 Bb7 4. e3 Nf6 5. Nf3 Nh5 6. Bg3 Nxg3 7. hxg3 g6 8.
dxc5 bxc5 9. Ng5 Qb6 10. Nd2 h6 11. Nc4 Qf6 12. Nf3 Nc6 13. e4 d6 14. Qa4 Kd8
15. Rd1 Kc7 16. Be2 Bg7 17. Na5 Nxa5 18. Qxa5+ Kc8 19. e5 Qe6 20. exd6 exd6 21.
Rd2 Qe7 22. O-O Qc7 23. Qa4 d5 24. Rfd1 a5 25. Qg4+ Qd7 26. Ne1 Qxg4 27. Bxg4+
Kc7 28. Nc2 Rab8 29. Ne3 d4 30. cxd4 f5 31. Bxf5 gxf5 32. dxc5 Bc6 33. b3 Rhf8
34. Nd5+ Bxd5 35. Rxd5 Rbd8 36. c6 Rxd5 37. Rxd5 Bc3 38. a3 Kxc6 39. Rd3 Bf6
40. b4 axb4 41. axb4 Bg7 42. Rf3 Kb5 43. Kh2 Kxb4 44. Kh3 Kc5 45. Kh4 Kd4 46.
Kh5 Rf6 47. Rf4+ Ke5 48. Ra4 Bf8 49. f4+ Kd5 50. g4 fxg4 51. Kxg4 Rg6+ 52. Kf3
Rc6 53. Ra8 Bd6 1/2-1/2

[Event "Meran-GoldCup 2009 37th"]
[Site "Meran (17.4.-25.4)"]
[Date "2009.04.23"]
[Round "7.2"]
[White "Meertens, Martin"]
[Black "Lutz, Albert(45)"]
[Result "1-0"]
[WhiteElo "2091"]
[BlackElo "2045"]
[PlyCount "133"]
[EventDate "2009.04.??"]
[EventType "swiss"]
[EventRounds "9"]
[WhiteTeam "Kölner-Klub SF"]
[BlackTeam "Krumbach SK"]

1. e4 Nf6 2. e5 Nd5 3. d4 d6 4. c4 Nb6 5. exd6 exd6 6. Nf3 Nc6 7. Be2 Be7 8.
Nc3 O-O 9. O-O Bg4 10. b3 Bf6 11. Be3 Re8 12. Rc1 d5 13. c5 Nc8 14. h3 Be6 15.
a3 N8e7 16. g4 h6 17. b4 a6 18. Qd2 Ng6 19. Ne1 Bh4 20. Ng2 Qd7 21. Bd3 f5 22.
Ne2 Nce7 23. Qc2 Rf8 24. a4 Qe8 25. f3 Bd7 26. Nc3 c6 27. Ne2 Bf6 28. Bf2 fxg4
29. fxg4 Bg5 30. Rce1 Rf3 31. Bg3 Rxf1+ 32. Rxf1 Bf6 33. Kh2 Nf8 34. Nh4 Ne6
35. Nf3 Ng5 36. Nxg5 Bxg5 37. Be5 h5 38. Kg3 h4+ 39. Kg2 Be6 40. Ng1 Qd7 41.
Nf3 Bh6 42. Nxh4 Bxg4 43. hxg4 Qxg4+ 44. Bg3 Qxd4 45. Qe2 Qe3 46. Qxe3 Bxe3 47.
Re1 Bg5 48. Nf3 Bf6 49. Ne5 Rd8 50. Ng4 Kf7 51. Bd6 Rd7 52. Nxf6 Kxf6 53. Kf3
Ng8 54. Re8 Nh6 55. Rf8+ Nf7 56. Kf4 g6 57. Be2 Kg7 58. Re8 Nxd6 59. cxd6 b5
60. axb5 axb5 61. Ke5 d4 62. Rc8 Rf7 63. Rxc6 Rf2 64. Bd3 Kf7 65. Rc7+ Kf8 66.
Rc8+ Kf7 67. d7 1-0

[Event "Meran-GoldCup 2009 37th"]
[Site "Meran (17.4.-25.4)"]
[Date "2009.04.23"]
[Round "7.4"]
[White "Ranker, Klemens"]
[Black "Herbold, Manfred"]
[Result "0-1"]
[WhiteElo "1897"]
[BlackElo "2157"]
[PlyCount "124"]
[EventDate "2009.04.??"]
[EventType "swiss"]
[EventRounds "9"]
[WhiteTeam "Hauptstuhl SC"]
[BlackTeam "Ludwigshafen SH"]

1. e4 c5 2. Bc4 e6 3. Nc3 Nc6 4. d3 Nf6 5. Bd2 Be7 6. Nge2 d5 7. exd5 exd5 8.
Bb3 O-O 9. O-O d4 10. Nb1 Bd6 11. Bf4 Bg4 12. f3 Bh5 13. Bxd6 Qxd6 14. Nd2 Bg6
15. Ne4 Bxe4 16. dxe4 b5 17. a3 c4 18. Ba2 Qc5 19. Kh1 Rad8 20. Qd2 a5 21. Rac1
b4 22. axb4 axb4 23. Ng3 Ne7 24. Qe2 Rc8 25. h3 Rc6 26. f4 Ra8 27. Bb1 Re6 28.
Qf3 Ra5 29. e5 Nfd5 30. Ne4 Qc6 31. Nd6 Ne3 32. Qxc6 Nxc6 33. Rfe1 c3 34. bxc3
bxc3 35. Ne4 Ra3 36. Ng5 Rg6 37. h4 f6 38. exf6 Rxf6 39. g3 h6 40. Ne4 Re6 41.
Nc5 Re7 42. Kg1 g5 43. hxg5 hxg5 44. Nd3 Ra5 45. Kf2 Rg7 46. Rg1 Ra1 47. Kf3
g4+ 48. Ke4 Re7+ 49. Ne5 Nc4 50. Kd5 N4xe5 51. fxe5 Nxe5 52. Rge1 Ra5+ 53. Kd6
Kf7 54. Rxe5 Rexe5 55. Ba2+ Kf6 56. Bc4 Re3 57. Rd1 Ra8 58. Bd5 Rd8+ 59. Kc5
Rxg3 60. Kxd4 Kg5 61. Re1 Kh4 62. Kc4 Rc8+ 0-1

[Event "Meran-GoldCup 2009 37th"]
[Site "Meran (17.4.-25.4)"]
[Date "2009.04.23"]
[Round "7.10"]
[White "Hapke, Ralf"]
[Black "Gerhards, Walter"]
[Result "1-0"]
[WhiteElo "1803"]
[BlackElo "1974"]
[PlyCount "85"]
[EventDate "2009.04.??"]
[EventType "swiss"]
[EventRounds "9"]
[WhiteTeam "Bisingen-Steinhofen SC"]
[BlackTeam "Ratingen SK"]

1. e4 e6 2. d3 d5 3. Nd2 c5 4. Ngf3 Nc6 5. g3 Nge7 6. Bg2 g6 7. O-O Bg7 8. c3
O-O 9. Re1 b6 10. Nf1 dxe4 11. dxe4 Qc7 12. Qe2 Bb7 13. Bf4 e5 14. Bd2 Rad8 15.
Rad1 Rd6 16. Bc1 Rfd8 17. Rxd6 Qxd6 18. Ne3 Qe6 19. Qc4 Qxc4 20. Nxc4 b5 21.
Na3 b4 22. Nc4 Bc8 23. Be3 Be6 24. Bf1 f5 25. Bxc5 bxc3 26. bxc3 fxe4 27. Ng5
Bf5 28. Nd6 Bf8 29. Bc4+ Kg7 30. Nxf5+ gxf5 31. Ne6+ Kf6 32. Nxd8 Nxd8 33. Bxa7
Nc8 34. Be3 Nc6 35. Rb1 Bd6 36. Ba6 N8e7 37. Rb6 Bc7 38. Rb7 Bd6 39. Bb5 Nd8
40. Rd7 Nf7 41. Bc4 Ba3 42. Ra7 Bb2 43. Bc5 1-0

[Event "Meran-GoldCup 2009 37th"]
[Site "Meran (17.4.-25.4)"]
[Date "2009.04.23"]
[Round "7.11"]
[White "Reinke, Kurt(39)"]
[Black "Kreie, Guenter"]
[Result "1-0"]
[WhiteElo "1816"]
[BlackElo "1766"]
[PlyCount "97"]
[EventDate "2009.04.??"]
[EventType "swiss"]
[EventRounds "9"]
[WhiteTeam "Benrath SG"]
[BlackTeam "Eichholz-Remmighaus TuS"]

1. d4 Nf6 2. c4 e6 3. Nc3 Bb4 4. Bg5 h6 5. Bh4 O-O 6. e3 d6 7. Nf3 Nbd7 8. Be2
e5 9. a3 Bxc3+ 10. bxc3 Qe7 11. O-O g5 12. Bg3 b6 13. Nd2 Re8 14. h4 Nf8 15.
hxg5 hxg5 16. e4 Ng6 17. f3 Nh5 18. Kf2 Nxg3 19. Kxg3 Qf6 20. Rh1 Qf4+ 21. Kf2
Qf6 22. Nf1 Nf4 23. Ne3 Bb7 24. Ng4 Qg7 25. Nh6+ Kf8 26. Nf5 Qf6 27. Rh6 Ng6
28. d5 Bc8 29. g4 Bxf5 30. gxf5 Qg7 31. Rh2 Nh4 32. Qa4 Ke7 33. Qc6 Rac8 34. c5
Qf6 35. Ba6 Rcd8 36. Bb5 Rc8 37. cxd6+ Qxd6 38. Qxd6+ cxd6 39. Bxe8 Kxe8 40.
Rc1 b5 41. f6 a5 42. Rhh1 Kd7 43. Kg3 Rc4 44. Kg4 Ng6 45. Kxg5 Nf4 46. Rh7 b4
47. Rxf7+ Ke8 48. Re7+ Kf8 49. Rh1 1-0

[Event "Meran-GoldCup 2009 37th"]
[Site "Meran (17.4.-25.4)"]
[Date "2009.04.23"]
[Round "7.12"]
[White "Maissenbacher, Werner"]
[Black "Koch, Dieter Dr(41)"]
[Result "1/2-1/2"]
[WhiteElo "1793"]
[BlackElo "1721"]
[PlyCount "126"]
[EventDate "2009.04.??"]
[EventType "swiss"]
[EventRounds "9"]
[WhiteTeam "Ersingen SC"]
[BlackTeam "Ammersee SC"]

1. e4 e5 2. Nf3 Qe7 3. Bc4 c6 4. c3 d6 5. h3 h6 6. Qe2 Nf6 7. d3 Nbd7 8. Na3 g6
9. Be3 a6 10. Bb3 Bg7 11. Nc4 O-O 12. O-O Kh7 13. Nh2 g5 14. Bc2 Rg8 15. g4 Nf8
16. d4 Ng6 17. Nb6 Rb8 18. Kh1 Nf4 19. Bxf4 gxf4 20. Rg1 Ne8 21. Rad1 Bf6 22.
Nf3 Bg5 23. a4 Kg7 24. a5 Rh8 25. Nc4 Bf6 26. Rg2 Kf8 27. Qd3 Be6 28. Nb6 Bc8
29. Kh2 Be6 30. Rdg1 Qc7 31. b4 Rd8 32. d5 Bc8 33. c4 c5 34. Qa3 Be7 35. bxc5
f6 36. Nh4 Kf7 37. Nf5 dxc5 38. h4 Nd6 39. Qf3 Rdg8 40. Bd1 Rg6 41. Qd3 Qd8 42.
Bf3 Qf8 43. Qa3 Qd8 44. Rb1 Qc7 45. Rgg1 Rhg8 46. h5 Bxf5 47. hxg6+ Bxg6 48.
Qa4 Nxe4 49. Bxe4 Bxe4 50. Rbd1 Rd8 51. Qb3 Bg6 52. Qh3 Kg7 53. Rd2 f3 54. Kh1
e4 55. Rgd1 Bd6 56. Rb2 Rf8 57. Re1 f5 58. gxf5 Bxf5 59. Rg1+ Kh7 60. Qh5 Qf7
61. Qxf7+ Rxf7 62. Na4 Bh3 63. Rb6 e3 1/2-1/2

[Event "Meran-GoldCup 2009 37th"]
[Site "Meran (17.4.-25.4)"]
[Date "2009.04.23"]
[Round "7.13"]
[White "Mielke, Torsten"]
[Black "Klein, Reinhard(53)"]
[Result "0-1"]
[WhiteElo "1630"]
[BlackElo "1707"]
[PlyCount "70"]
[EventDate "2009.04.??"]
[EventType "swiss"]
[EventRounds "9"]
[WhiteTeam "Zehdenick SF"]
[BlackTeam "München-RTA SC"]

1. e4 g6 2. d4 d6 3. f4 Bg7 4. Nf3 Nf6 5. Bd3 c6 6. c3 O-O 7. O-O Re8 8. e5
dxe5 9. fxe5 Nd5 10. c4 Nb4 11. Nc3 Nxd3 12. Qxd3 Bf5 13. Qe2 f6 14. Bf4 g5 15.
Be3 Bg4 16. Rad1 Qc7 17. h3 Bh5 18. e6 Na6 19. a3 Rad8 20. Bc1 Qc8 21. g4 Bg6
22. h4 h6 23. Rfe1 Nc7 24. b3 Rd6 25. d5 cxd5 26. cxd5 Red8 27. Bb2 Nxd5 28.
Nxd5 Rxd5 29. Rxd5 Rxd5 30. Rc1 Qd8 31. hxg5 hxg5 32. Kg2 Rd3 33. Qc2 Be4 34.
Qc8 Bxf3+ 35. Kf2 Bc6 0-1

[Event "Meran-GoldCup 2009 37th"]
[Site "Meran (17.4.-25.4)"]
[Date "2009.04.23"]
[Round "7.14"]
[White "Bauer, Dieter(01.58)"]
[Black "Segelken, Peter"]
[Result "1-0"]
[WhiteElo "1750"]
[BlackElo "1870"]
[PlyCount "87"]
[EventDate "2009.04.??"]
[EventType "swiss"]
[EventRounds "9"]
[WhiteTeam "Bebenhausen SK"]
[BlackTeam "Delmenhorst-1931 SK"]

1. e4 e5 2. Bc4 Nc6 3. d3 Nf6 4. Nc3 Bb4 5. a3 Bxc3+ 6. bxc3 h6 7. Ne2 O-O 8.
O-O d5 9. exd5 Nxd5 10. Rb1 b6 11. Bd2 Nce7 12. f4 exf4 13. Nxf4 Nxf4 14. Rxf4
Qd6 15. Qh5 Qg6 16. Qf3 Be6 17. Bxe6 fxe6 18. Rf1 Rfe8 19. c4 e5 20. Rg4 Rf8
21. Rxg6 Rxf3 22. Rxg7+ Kxg7 23. Rxf3 Nc6 24. Rg3+ Kf7 25. Bxh6 Rc8 26. Be3 Ne7
27. Rf3+ Ke6 28. g4 e4 29. dxe4 Ke5 30. Rf7 Ng6 31. Kf2 Kxe4 32. Bg5 Kd4 33. h4
Kxc4 34. Rf5 Nf8 35. h5 Nh7 36. h6 Rg8 37. Be3 Rxg4 38. Rf7 Ng5 39. Rxc7+ Kd5
40. Bxg5 Rxg5 41. Rxa7 Rh5 42. h7 Kc5 43. Rg7 Kb5 44. Rg5+ 1-0

[Event "Meran-GoldCup 2009 37th"]
[Site "Meran (17.4.-25.4)"]
[Date "2009.04.23"]
[Round "7.15"]
[White "Winter, Rudolf(29)"]
[Black "Bangert, Ruediger"]
[Result "1/2-1/2"]
[WhiteElo "1615"]
[BlackElo "1532"]
[PlyCount "89"]
[EventDate "2009.04.??"]
[EventType "swiss"]
[EventRounds "9"]
[WhiteTeam "Groß-Gerau SV"]
[BlackTeam "Erlangen-Siemens SGem."]

1. d4 Nf6 2. Nf3 g6 3. Nbd2 Bg7 4. e4 d6 5. Bd3 O-O 6. O-O Bh6 7. c3 c5 8. Re1
Bg4 9. h3 Bc8 10. Nf1 Bxc1 11. Qxc1 a6 12. Ng3 Kh8 13. Bc2 Nbd7 14. e5 dxe5 15.
dxe5 Ng8 16. Ne4 b6 17. Qf4 Qc7 18. Qh4 Nxe5 19. Neg5 Nxf3+ 20. Nxf3 Nf6 21.
Rad1 Bb7 22. Ne5 Kg7 23. g4 Rad8 24. g5 Ng8 25. Qg3 Rxd1 26. Rxd1 a5 27. c4 Bc8
28. Qc3 f6 29. Nf3 Qf4 30. Kg2 Bb7 31. gxf6+ Rxf6 32. Rd3 Qg5+ 33. Kh2 Qf4+ 34.
Kg2 Kf7 35. Bd1 Rd6 36. Kg1 Rxd3 37. Qxd3 Bxf3 38. Bxf3 Nf6 39. Qb3 Qg5+ 40.
Kf1 Qf4 41. Bc6 Qc7 42. Qf3 Qe5 43. Qb3 Qc7 44. Qf3 Kg7 45. a4 1/2-1/2

[Event "Meran-GoldCup 2009 37th"]
[Site "Meran (17.4.-25.4)"]
[Date "2009.04.23"]
[Round "7.16"]
[White "Hartlaub, Marianne"]
[Black "Aufmwasser, Guenter"]
[Result "0-1"]
[WhiteElo "1516"]
[BlackElo "1645"]
[PlyCount "128"]
[EventDate "2009.04.??"]
[EventType "swiss"]
[EventRounds "9"]
[WhiteTeam "Klingenberg SK"]
[BlackTeam "Hilden SV"]

1. e4 e5 2. Nf3 f5 3. Nc3 fxe4 4. Nxe4 Nf6 5. d3 d5 6. Nxf6+ Qxf6 7. Bg5 Qg6 8.
Qe2 e4 9. dxe4 Qxe4 10. O-O-O Qxe2 11. Bxe2 c6 12. Rhe1 Bd6 13. Bd3+ Kf8 14. h3
Na6 15. c3 Nc7 16. Re2 Bd7 17. Ne5 Be6 18. f4 Re8 19. Rde1 Bxe5 20. fxe5 Bf7
21. Bf5 Ne6 22. Bxe6 Rxe6 23. g4 h6 24. Bf4 Bg6 25. Kd2 Ke8 26. Bg3 Rf8 27. Ke3
Be4 28. Rf2 Rxf2 29. Kxf2 Re7 30. Re3 Rf7+ 31. Ke2 Ke7 32. Bh2 Ke6 33. c4 Bg2
34. cxd5+ Bxd5 35. b3 Bg2 36. h4 a6 37. Kd2 Bf1 38. Bg3 Bg2 39. Rd3 Rd7 40.
Rxd7 Kxd7 41. Ke3 Ke6 42. Kd4 b6 43. b4 Bf3 44. g5 hxg5 45. hxg5 g6 46. Ke3 Bd5
47. a3 Kf5 48. Bf4 Be6 49. Kf3 c5 50. bxc5 bxc5 51. Kg3 c4 52. Bd2 Kxe5 53.
Bc3+ Ke4 54. Kf2 Kd3 55. Bb2 Kd2 56. a4 c3 57. Bxc3+ Kxc3 58. a5 Kb4 59. Ke3
Kxa5 60. Kd4 Kb4 61. Ke5 Bf5 62. Kf4 a5 63. Ke3 a4 64. Kd2 Kb3 0-1

[Event "Meran-GoldCup 2009 37th"]
[Site "Meran (17.4.-25.4)"]
[Date "2009.04.23"]
[Round "7.17"]
[White "Helbig, Dieter(51)"]
[Black "Schulz, Hermann(35)"]
[Result "1/2-1/2"]
[WhiteElo "1718"]
[BlackElo "1565"]
[PlyCount "58"]
[EventDate "2009.04.??"]
[EventType "swiss"]
[EventRounds "9"]
[WhiteTeam "Weilheim SK"]
[BlackTeam "Uelzen-Post SV"]

1. c4 e5 2. Nc3 Nf6 3. g3 Nc6 4. Bg2 d6 5. Nf3 Be7 6. O-O O-O 7. h3 Be6 8. b3
Rb8 9. e3 h6 10. d4 exd4 11. Nxd4 Nxd4 12. Qxd4 a6 13. Qd3 Re8 14. e4 Qc8 15.
Kh2 Bd7 16. Be3 Bc6 17. Ba7 Ra8 18. Bd4 Nd7 19. f4 Bf6 20. b4 b6 21. a3 Bb7 22.
Rae1 Qd8 23. Bxf6 Nxf6 24. Nd5 Nxd5 25. cxd5 Bc8 26. Rf2 Bd7 27. Qb3 Re7 28. a4
Qe8 29. Ra2 c6 1/2-1/2

[Event "Meran-GoldCup 2009 37th"]
[Site "Meran (17.4.-25.4)"]
[Date "2009.04.23"]
[Round "7.19"]
[White "Egger, Herbert"]
[Black "Sieghardt, Walter"]
[Result "1-0"]
[WhiteElo "1431"]
[BlackElo "1486"]
[PlyCount "205"]
[EventDate "2009.04.??"]
[EventType "swiss"]
[EventRounds "9"]
[WhiteTeam "AUT-Innsbruck"]
[BlackTeam "Friedberg SC"]
[WhiteTeamCountry "AUT"]

1. e4 e6 2. d4 d5 3. e5 c5 4. c3 Qb6 5. Qb3 Qxb3 6. axb3 cxd4 7. cxd4 Bd7 8.
Nf3 Ne7 9. Bd3 Nec6 10. Bd2 Nb4 11. Bxb4 Bxb4+ 12. Nc3 O-O 13. O-O Nc6 14. Nb5
Rfc8 15. Rfc1 a6 16. Nc3 b5 17. Ne2 Na5 18. Rxc8+ Rxc8 19. h4 Rc6 20. Rc1 h6
21. Rxc6 Bxc6 22. Nc1 Bb7 23. g4 g6 24. Kg2 Kg7 25. Kg3 Bc6 26. Bc2 Nb7 27. Nd3
Be7 28. Nd2 a5 29. f4 Bd7 30. Nf3 f5 31. exf6+ Bxf6 32. g5 Bd8 33. gxh6+ Kxh6
34. Nde5 Be8 35. Ng4+ Kg7 36. Ng5 Bxg5 37. hxg5 Nd6 38. Kf3 Nf5 39. Bxf5 gxf5
40. Ne5 Bh5+ 41. Ke3 Bd1 42. Nc6 a4 43. b4 Kf7 44. Na7 a3 45. bxa3 Ba4 46. Nc6
Bd1 47. Ne5+ Kg7 48. Nd3 Bh5 49. Nb2 Be8 50. Kd3 Kg6 51. Ke3 Kh5 52. Nd3 Kg6
53. Kf3 Kf7 54. Kg3 Kg6 55. Kh4 Kg7 56. Nc5 Kf7 57. Kh5 Kg7+ 58. Kh4 Kf7 59.
g6+ Kf6 60. g7 Bf7 61. a4 bxa4 62. Nxa4 Kxg7 63. Kg5 Be8 64. Nc3 Kf7 65. b5 Ke7
66. b6 Bc6 67. Na2 Bb7 68. Nb4 Kd6 69. Kf6 Bc8 70. Kg5 Bb7 71. Kf6 Bc8 72. Kf7
Kd7 73. Kf8 Bb7 74. Kf7 Bc8 75. Kf6 Bb7 76. Kg5 Ke7 77. Kh4 Kd7 78. Kg3 Ke7 79.
Kf3 Kf6 80. Ke3 Kg6 81. Nd3 Kf6 82. Nc5 Bc6 83. b7 Bxb7 84. Nxb7 Ke7 85. Nc5
Kf6 86. Kf3 Ke7 87. Kg3 Kf6 88. Kh4 Kf7 89. Kg5 Ke7 90. Kg6 e5 91. fxe5 f4 92.
Kf5 f3 93. Nd3 Kf7 94. Kf4 Kg6 95. Kxf3 Kf5 96. Nb4 Kg5 97. Nxd5 Kf5 98. Nc7
Kg6 99. Kf4 Kf7 100. Kf5 Ke7 101. d5 Kd7 102. Nb5 Ke7 103. d6+ 1-0

[Event "Meran-GoldCup 2009 37th"]
[Site "Meran (17.4.-25.4)"]
[Date "2009.04.24"]
[Round "8.4"]
[White "Lutz, Albert(45)"]
[Black "Pohle, Dirk"]
[Result "1/2-1/2"]
[WhiteElo "2045"]
[BlackElo "2130"]
[PlyCount "69"]
[EventDate "2009.04.??"]
[EventType "swiss"]
[EventRounds "9"]
[WhiteTeam "Krumbach SK"]
[BlackTeam "Solingen-1928 SC"]

1. Nf3 d5 2. d4 Nf6 3. g3 Nbd7 4. Bg2 Ne4 5. O-O e6 6. c4 dxc4 7. Qc2 Nd6 8.
Ne5 Nb6 9. Nd2 Be7 10. a4 a5 11. Ndxc4 Ndxc4 12. Nxc4 Qxd4 13. Nxb6 Qxb6 14.
Be3 c5 15. Rfc1 O-O 16. Ra3 Qb4 17. Rc3 Bd7 18. Rc4 Qb6 19. Bxc5 Bxc5 20. Rxc5
g6 21. Bxb7 Qxb7 22. Rc7 Qd5 23. Rd1 Bxa4 24. Qxa4 Qe5 25. Qc2 Rab8 26. Rc3 Rb5
27. Rd2 Rfb8 28. Rc8+ Kg7 29. Rxb8 Rxb8 30. e3 Rb4 31. h4 h5 32. Kg2 a4 33. Qc6
Rxb2 34. Rxb2 Qxb2 35. Qxa4 1/2-1/2

[Event "Meran-GoldCup 2009 37th"]
[Site "Meran (17.4.-25.4)"]
[Date "2009.04.24"]
[Round "8.5"]
[White "Ranker, Klemens"]
[Black "Welz, Peter Dr"]
[Result "0-1"]
[WhiteElo "1897"]
[BlackElo "2069"]
[PlyCount "110"]
[EventDate "2009.04.??"]
[EventType "swiss"]
[EventRounds "9"]
[WhiteTeam "Hauptstuhl SC"]
[BlackTeam "Berlin-Empor SV"]

1. e4 e6 2. d4 d5 3. exd5 Qxd5 4. Nc3 Bb4 5. Qd3 Bd7 6. Bd2 Bxc3 7. Bxc3 Nc6 8.
Ne2 O-O-O 9. b3 Nf6 10. Bd2 Be8 11. c4 Qd6 12. Bc3 Qa3 13. f3 h5 14. Qd2 Qe7
15. b4 e5 16. d5 Nd4 17. b5 Nxe2 18. Bxe2 e4 19. f4 Bd7 20. Bb4 Qe8 21. Qd4 Kb8
22. a4 Bg4 23. Ra2 Qd7 24. a5 Bxe2 25. Rxe2 Qg4 26. Bd2 h4 27. Be3 b6 28. axb6
cxb6 29. Qe5+ Kc8 30. Ra2 Rhe8 31. Qa1 Re7 32. Rxa7 Rxa7 33. Qxa7 Qxg2 34. Rf1
Qc2 35. Qa8+ Kd7 36. Qc6+ Ke7 37. h3 Kf8 38. Bxb6 Re8 39. Be3 Qg2 40. b6 Qxh3
41. Qc5+ Kg8 42. b7 Ng4 43. Ke2 Qg2+ 44. Ke1 Qb2 45. Qc8 Qb1+ 46. Kd2 Qd3+ 47.
Kc1 Qxf1+ 48. Kb2 Qe2+ 49. Kb1 Qd3+ 50. Kb2 Qe2+ 51. Kb1 Nf6 52. Qxe8+ Nxe8 53.
b8=Q Qxe3 54. Qxe8+ Kh7 55. Qxf7 Qg1+ 0-1